Quizzes
Events
Quiz Creation
Community
Videos
Private Events
Remove Ads
Sign In
Join for FREE
Feedback
Dark Mode
Quiz Categories
Sports
Geography
Music
Movies
Television
Just For Fun
Miscellaneous
History
Literature
Language
Science
Gaming
Entertainment
Religion
Holiday
For Kids
Quiz Lab
Recent
Popular Today
Quiz Kudos Today
Editor Picks
Curator Picks
Quizzes by...
Day
Popularity
Type
Ratings
Length
Year
Community
Subscriptions
Recent Discussions
Orange Saloon
Badges
Playlists
Quests
Create
Leaderboards
Showdown
Live 5
Trivia Bingo
Activity
Puzzle Library
Sporcle Events
Private Events
Virtual Trivia
Globe League
Become a Host
Pub Owners
SporcleCon
Opinionation
Our Games
Videos
Blog
Mobile Apps
Partnerships
Remove Ads and Go Orange
Feedback
Language
Vocabulary
Begins and Ends
Definition
Spanish
French
German
Italian
Chinese
Latin
Translation
Japanese
Language
Vocabulary
Begins and Ends
Definition
Spanish
French
German
Italian
Chinese
Latin
Translation
Japanese
Random Quiz
Search Sporcle
×
Quiz Lab
Quiz Lab
Language
French
Type in answers that appear in a list
Type in answers that appear in a list
Classic
Best Score? Go Orange.
French: Unit 01 Adjective Forms Stats
French: Unit 01 Adjective Forms
By
bweinstein
10m
28 Questions
35 Plays
35 Plays
35 Plays
Comments
Comments
Give Quiz Kudos
Give Quiz Kudos
-
- Ratings
hide this ad
Forced Order
Answers have to be entered in order
Answers have to be entered in order
Replay
Link that replays current quiz
Next Quiz
Link to next quiz in quiz playlist
You Got
0%
They Got
Avg Score
84%
Avg Friend Score
Upgrade to see
Score Distribution
Jump to the score distribution portion of the page
Score
0/28
Timer
10:00
0
Plays Today
Hint
Answer
% Correct
French
français
94.3%
French
français
94.3%
French
française
94.3%
French
françaises
94.3%
young
jeune
91.4%
young
jeunes
91.4%
young
jeune
91.4%
young
jeunes
91.4%
Canadian
canadien
88.6%
Canadian
canadiens
88.6%
Canadian
canadienne
88.6%
Canadian
canadiennes
88.6%
athletic, sporty
sportif
88.6%
athletic, sporty
sportifs
85.7%
Hint
Answer
% Correct
divorced
divorcé
82.9%
divorced
divorcés
82.9%
athletic, sporty
sportive
82.9%
athletic, sporty
sportives
82.9%
pretty
joli
80%
pretty
jolis
80%
pretty
jolie
80%
pretty
jolies
80%
divorced
divorcée
80%
divorced
divorcées
80%
boring
ennuyeux
74.3%
boring
ennuyeux
74.3%
boring
ennuyeuse
71.4%
boring
ennuyeuses
68.6%
Quiz Playlist
Details
Report
Send in Message
Add To Playlist
Classic:
Type in answers that appear in a list
Forced Order:
Answers have to be entered in order
Last Updated: Feb 16, 2017
Quiz Scoreboard
CHALLENGE
Sign Up to Join the Scoreboard
Show All
Scores
Hide
Comments
May contain spoilers
Recently Published
Click the 1999 NBA Draft
by nibperrychub
Sports
2m
Alphabetical 'K' Countries by Flag Minefield
by ylime102
Geography
3m
Pick 6: Fruits
by JohnFran
Miscellaneous
15s
More to Explore
Quiz From the Vault
Featured Blog Post
15 Basketball Trivia Facts You Can Be March Mad About
hide this ad
You Might Also Like...
Tags
French Quiz
Adjective
form
unit
Today's Top Quizzes in Language
Browse Language
hide this ad
Today's Top Quizzes in French
Browse French
Top Contributed Quizzes in Language
1
Spring or Fall
2
Spanish Seasons
3
Name the 4 Seasons in English
4
Multilingual Seasons
5
Seasonal Rhymes
6
Einsilbige Reime auf Chips
7
Spring or Fall?
8
Quick Pick: Prefixes for Spring
9
Quick Pick: Seasons in Esperanto
10
Guess the Word in 3 Words
Explore More
Trending Topics
NBA
Harry Potter
Kpop
Crossword
Marvel
Anime
Disney
Country
Puzzle
WWE
NFL
Song
Soccer
Pokémon
The Office
hide this ad
More By:
bweinstein
Quiz
Plays
Rating
Category
Featured
Created
Latin: Noun Declensions 1-3
18,249
4.86
Language
Feb 28, 2013
Latin: Noun Declensions 1-5
10,278
4.25
Language
Jan 25, 2012
Latin: Indicative Active Verb Endings
7,290
4.50
Language
Feb 25, 2013
Latin: Unit 07 Relative Pronoun (qui, quae, quod)
6,332
4.76
Language
Jan 30, 2012
Latin: Unit 06 Demonstrative Pronouns
6,307
4.33
Language
Jan 31, 2012
Go to Creator's Profile
Score Distribution
Quiz Creator Spotlight
bweinstein
Follow
Send a Message
Quizzes Created
-
Created Quiz Play Count
-
More By This Creator
Popular Quizzes Today
1
Countries of Asia Without Outlines Minefield
2
Find the US States - No Outlines Minefield
3
Pick 6: Fruits
4
Alphabetical 'K' Countries by Flag Minefield
5
The Countries of the World
6
Find the US States
7
US States
8
Match the Book to the Film X
More Language Quizzes
Image Sorting: Languages II
Published
Trending Quizzes
Pick 6: Harry Potter
Pick 6: Mountains
Pick 6: NFL Teams
Pick 6: Flags
Pick 6: Movie Franchises
Recently Updated
NWSL Teams
pecheneg
Women's Final Four Teams by Year
bhenderson79
Presidents Quartet II
eogle
Anything But Clue(do)
eogle
Anything But Oceanian Capitals
eogle
Anything But 7
eogle
Anything But Thing
eogle
Word Ladder: February 29
pecheneg
Song Title Questions
pecheneg
Women's NCAA Tournament #1 Seeds
pecheneg
Trending Topics
Crossword
Anime
Kpop
Disney
NBA
Marvel
Harry Potter
The Office
Pokémon
Soccer
Puzzle
Song
NFL
WWE
Country
Your Account Isn't Verified!
In order to create a playlist on Sporcle, you need to verify the email address you used during registration. Go to your
Sporcle Settings
to finish the process.
Report this User
Report this user for behavior that violates our
Community Guidelines
.
Details:
Send Report
Go to the Sporcle.com Mobile Site →
Comments